=LDR 00000nam 2200000 4500 =001 INLIS000000000032346 =005 20200825125106 =035 ##$$a 0010-061300000032346 =008 200825################g##########0#ind## =041 ##$$a Ind =082 ##$$a 2X9.7 =090 ##$$a 2X9.7, Ars i =100 ##$$a Arsyad, Natsir =245 1#$$a Ilmuwan muslim sepanjang sejarah : $b Dari Jabir hingga Abdus Salam /$c M. Natsir Arsyad =260 ##$$a 1995 :$b Jakarta,$c 1995 =300 ##$$a 328 hlm, 17 cm ; $c 18 x 12 cm. =650 #4$$a Islam - Ilmuwan Muslim =850 ##$$a NBPNMAT =084 ##$$a 2X9.7 ARS i =250 ##$$a cet. 4 =990 ##$$a 97.360/pro-96 =990 ##$$a 97.362/pro-96 =990 ##$$a 10406888